000 00282nam a22001337a 4500
020 _a0-7214-0740-4
082 _a920
_bLEW/P
100 _aLEWIS, BRENDA RALPH
245 _aTHE PRINCESS OF WALES
260 _aUK
_bLADY BIRD
300 _a51
650 _aBIOGRAPHY
_zUK
942 _cBK
999 _c6341
_d6341